| 000 | 004980000a22001690004500 | ||
|---|---|---|---|
| 003 | MACL | ||
| 005 | 20160604120226.0 | ||
| 008 | 160604b xxu||||| |||| 00| 0 eng d | ||
| 040 |
_aMACL _cMACL |
||
| 041 | _aHindi | ||
| 082 | _a910 | ||
| 100 |
_aप्रकाशन विभाग _94825 |
||
| 245 |
_aकेरल _cप्रकाशन विभाग |
||
| 260 |
_bप्रकाशन विभाग _c1968 _aदिल्ली |
||
| 650 |
_aTravel _962307 |
||
| 942 |
_cBK _k910 _2ddc |
||
| 999 |
_c22822 _d22822 |
||